00724nam a2200157 a 450000100100000000500170001000800410002704000250006810000320009324501220012526001090024730000200035604900090037695201640038599900170054900003348820200930070308.0110830s1940 dr 000 0 spa d aDO-SdBNPbspacBNPHU1 aAlvarez, J. Mauricio95901613aLa red nacional de carreteras, obra del generalisimo Doctor Rafael Leónidas Trujillo Molina /cJ. Mauricio Alvarez. aCiudad Trujillo, República Dominicana :bPublicaciones del Partido Dominicano,c1940.fListín Diario a16 p. ;c24 cm. aBNPD 001050718RVaPDbPDcCTd2011-08-30iLF1l0o p33488-10r2020-06-25w2020-06-25y1zPerteneció a la biblioteca personal de Martínez BoogZNo se presta c32979d32979